[Event "Africa-ch U16"]
[Site "Cairo"]
[Date "2017.12.06"]
[Round "6.3"]
[White "Zrikem, Nassim"]
[Black "Ashraf Arafat, Mohamed"]
[Result "1-0"]
[WhiteElo "2085"]
[BlackElo "1622"]
[PlyCount "85"]
[EventDate "2017.12.03"]
[EventType "swiss"]
[EventRounds "9"]
[EventCountry "EGY"]
[SourceTitle "EXT 2024"]
[Source "ChessBase"]
[SourceDate "2023.10.10"]
[SourceVersion "1"]
[SourceVersionDate "2023.10.10"]
[SourceQuality "1"]

1. e4 d5 2. exd5 Qxd5 3. Nc3 Qa5 4. d4 Bf5 5. Nf3 c6 6. Ne5 e6 7. Bf4 Nf6 8. Nc4 Qd8 9. Be2 Be7 10. 0-0 0-0 11. Bf3 Na6 12. Re1 Nb4 13. Ne4 Nxe4 14. Bxe4 Bxe4 15. Rxe4 Qd5 16. Qe2 b5 17. Na5 Bd8 18. Nb3 Na6 19. Re3 Nc7 20. Qg4 Ne8 21. Re5 Qc4 22. Rc5 Qa4 23. Rxc6 Bf6 24. c3 b4 25. Rc4 a5 26. Qf3 Ra6 27. Qb7 Rd6 28. Bxd6 Nxd6 29. Qc6 Qxc6 30. Rxc6 Ne4 31. cxb4 axb4 32. Rac1 h6 33. Rc8 Nd6 34. Rxf8+ Kxf8 35. Rc6 Nb5 36. Rb6 Nxd4 37. Nxd4 Bxd4 38. Rxb4 e5 39. Rxd4 exd4 40. Kf1 Ke7 41. Ke2 Kd6 42. b4 Kd5 43. Kd3 1-0

[Event "Africa-ch U16"]
[Site "Cairo"]
[Date "2017.12.05"]
[Round "5.5"]
[White "Ashraf Arafat, Mohamed"]
[Black "Abdallah Hussein, Mohamed"]
[Result "1-0"]
[WhiteElo "1622"]
[BlackElo "1440"]
[PlyCount "73"]
[EventDate "2017.12.03"]
[EventType "swiss"]
[EventRounds "9"]
[EventCountry "EGY"]
[SourceTitle "EXT 2024"]
[Source "ChessBase"]
[SourceDate "2023.10.10"]
[SourceVersion "1"]
[SourceVersionDate "2023.10.10"]
[SourceQuality "1"]

1. e4 c6 2. d4 d5 3. exd5 cxd5 4. c4 Nf6 5. Nc3 Nc6 6. Nf3 e6 7. c5 Bd7 8. Bf4 a6 9. Be2 Be7 10. 0-0 0-0 11. a3 b6 12. b4 Ne4 13. Na4 b5 14. Nb2 f6 15. Bd3 g5 16. Bg3 f5 17. h3 Qe8 18. Ne5 Nxg3 19. Nxc6 Nxf1 20. Nxe7+ Qxe7 21. Bxf1 Qg7 22. Rc1 Bc6 23. Rc3 Ra7 24. Qd2 Qf6 25. Rc1 Rg7 26. Qc3 g4 27. Rd1 gxh3 28. Qxh3 Rg6 29. Qc3 f4 30. Nd3 f3 31. g3 Rg7 32. Ne5 Rc8 33. Rd3 Qe7 34. Rxf3 h5 35. Qe3 Be8 36. Bh3 h4 37. Qh6 1-0

[Event "Mahalla op 16th"]
[Site "Mahalla"]
[Date "2015.07.24"]
[Round "1"]
[White "Hassan, Sayed Barakat"]
[Black "Ashraf Arafat, Mohamed"]
[Result "1-0"]
[WhiteElo "2333"]
[BlackElo "1539"]
[PlyCount "45"]
[EventDate "2015.07.24"]
[EventType "swiss"]
[EventRounds "9"]
[EventCountry "EGY"]
[SourceTitle "EXT 2016"]
[Source "ChessBase"]
[SourceDate "2015.10.08"]
[SourceVersion "1"]
[SourceVersionDate "2015.10.08"]
[SourceQuality "1"]

1. e4 d6 2. d4 Nf6 3. Nc3 g6 4. f4 Bg7 5. Nf3 0-0 6. e5 dxe5 7. fxe5 Nd5 8. Bc4 Nxc3 9. bxc3 Nc6 10. h3 Na5 11. Bd3 c5 12. 0-0 Nc6 13. Be3 Qc7 14. Qe1 Qa5 15. Bd2 Qc7 16. Qh4 Be6 17. Ng5 h6 18. Nxe6 fxe6 19. Bxh6 cxd4 20. Bxg7 Kxg7 21. Qg3 Nxe5 22. cxd4 Nf3+ 23. Rxf3 1-0